000 00514nam a2200217Ia 4500
003 0100
008 130307s9999 xx 000 0 und d
040 _cARRUPELIB
050 _aBX1970.J8513 1966
100 _aJungmann, Josef A
245 4 _aThe liturgy of the word
260 _aCollegeville
260 _bThe Liturgical Press
260 _c1966
300 _a82p.
300 _b23 cm.
650 _aCATHOLIC CHURCH
650 _bUnited States -- History -- 1945
650 _cCold War
942 0 0 _01
999 _c98344
_d98344